| 000 | 004480000a22001810004500 | ||
|---|---|---|---|
| 003 | MACL | ||
| 005 | 20151014162907.0 | ||
| 008 | 151014b xxu||||| |||| 00| 0 eng d | ||
| 040 |
_aMACL _cMACL |
||
| 041 | _aEnglish | ||
| 082 | _a320/CAR | ||
| 100 |
_aCarrenter Mary _914890 |
||
| 245 |
_aThe Last Days in England _bOf Rajah Rammohun Roy |
||
| 260 |
_bRiddi _c1976 _aCalcutta |
||
| 350 | _a25 | ||
| 650 |
_aBiography _914891 |
||
| 942 |
_cBK _k920 _2ddc |
||
| 999 |
_c6633 _d6633 |
||